LEADER 01190nam a2200265 i 4500 001 000000186937 003 CaOOAMICUS 005 20150409000000.0 008 150409s1942 it u000 u ita u 013 $a164994 040 $aSeMil$bita 100 1 $aPellegrinetti, Ermenegildo.$0(OLS)http://semarc/name/5058 245 10$aVincenzo Pallotti un apostolo di Roma /$cErmenegildo Pellegrinetti. 260 $aRoma :$bReale Istituto di studi romani,$c1942. 300 $a17 p., 6 c. di tav. :$bill. ;$c24 cm. 490 0 $aQuaderni di studi romani. Profili romani ;$v2 500 $aFondo card. Giovanni Colombo. 650 4$aPallotti, Vincenzo .$0(OLS)http://semarc/subject/11199 830 0$aQuaderni di studi romani. Profili romani ;$v2.$0(OLS)http://semarc/title/43041 850 $aSeMil 852 $aSeMil$W1$xVenegono$y1$m3GC IV 192 ^$j137624$B137624$CSeMilBibl$Z2$F149136 $8B 941 1 $a3 961 $aLascito: Colombo Card. Giovanni 996 $6245$aVincenzo Pallotti un apostolo di Roma$9(OLS)http://semarc/title/268853 996 $6260$aRoma :$bReale Istituto di studi romani$9(OLS)http://semarc/publisher/33407 LEADER 01960nam a2200385 i 4500 001 000000248221 003 CaOOAMICUS 005 20220128093837.0 008 160307s1618 xx u000 u lat u 013 $a227126 026 $ai-el a-i- n-*. e.er (C) 1618 (R) 040 $aSeMil$bita 110 2 $aChiesa Cattolica.$0(OLS)http://semarc/name/987 245 10$aMissa Sacratissimi Rosarii beatissimae Virginis Mariae, privilegiata a Domino Nostro Papa Paulo 3. & Gregorio Decimotertio. Cum Missis de S. Angelo Custode, de S. Gregorio Papa Conf. & Ecclesiae Doctore, de Sancto Carolo Episcopo, .. 260 $aVenetiis :$bapud Iuntas,$c1618. 300 $a14, [2] p. ;$c8°. 500 $aVignetta xilogr. sul front. - Marca (giglio) sul front. - Front. e testo stampati in rosso e nero. - Iniz. xilogr. 500 $aLegato con 3K-II-53 FA 500 $aSegn.: A8 650 4$aLibri liturgici - Breviario romano - Ufficio della Beata Vergine Maria.$0(OLS)http://semarc/subject/23056 700 0 $aGregorius XIII,$c.$0(OLS)http://semarc/name/12756 700 0 $aPaulus III,$c.$0(OLS)http://semarc/name/20713 700 1 $aGiunta,$c.$0(OLS)http://semarc/name/12684 850 $aSeMil 852 $aSeMil$W1$xVenegono$y1$m3K II 54 FA$j198567$B198567$CSeMilBibl$Z2$F209701 $8I 900 0 $aPaolo III$c. 900 0 $aGregorio XIII$c. 910 2 $aSanta Sede. 961 $aLegato con 3K-II-53 FA 996 $6245$aMissa Sacratissimi Rosarii beatissimae Virginis Mariae, privilegiata a Domino Nostro Papa Paulo 3. & Gregorio Decimotertio. Cum Missis de S. Angelo Custode, de S. Gregorio Papa Conf. & Ecclesiae Doctore, de Sancto Carolo Episcopo, ..$9(OLS)http://semarc/title/350310 996 $6260$aVenetiis :$bapud Iuntas$9(OLS)http://semarc/publisher/31423